Bhutan Dzongkhags - Statistics

General Stats
  • This quiz has been taken 18 times
  • The average score is 3 of 20
Answers on the Map
Answers color-coded by a green-red scale on the quiz's map according to % correct below.
 
Answer Stats
Answer % Correct
Ha
60%
Paro
60%
Thimphu
60%
Gasa
40%
Punakha
40%
Bumthang
20%
Chhukha
20%
Samdrup Jongkhar
20%
Chirang
0%
Daga
0%
Geylegphug
0%
Lhuntshi
0%
Mongar
0%
Pemagatsel
0%
Samchi
0%
Shemgang
0%
Tashigang
0%
Tashi Yangtse
0%
Tongsa
0%
Wangdi Phodrang
0%
No matching quizzes found
Score Distribution
Percent of People with Each Score
Percentile by Number Answered
Your Score History
You have not taken this quiz